| 000 | 00581nam a22001577a 4500 | ||
|---|---|---|---|
| 003 | OSt | ||
| 005 | 20151031155723.0 | ||
| 008 | 151031b xxu||||| |||| 00| 0 eng d | ||
| 040 | _cRUA | ||
| 082 | _aAGR SAR 2007 B034 Or.1 | ||
| 100 |
_93089 _aSAR, KAKADA. |
||
| 245 | _aThe comparison of rice producttion technogogy in saang district, ការប្រៀធៀបបច្ចេកទេសផលិតកម្មស្រូវប្រាំង នៅស្រុកស្អាង | ||
| 260 |
_aPhnom Penh _bRUA _c2007 |
||
| 300 |
_axvi; 49cm. _bill. _c29cm. |
||
| 942 |
_2ddc _cAGR |
||
| 999 |
_c2879 _d2879 |
||